Normal view
MARC view
- Edited by SELLERS, SUSAN
Entry Personal Name
001 - CONTROL NUMBER
- control field: 2533
003 - CONTROL NUMBER IDENTIFIER
- control field: JO-AjAnu
005 - DATE AND TIME OF LATEST TRANSACTION
- control field: 20230606070723.0
008 - FIXED-LENGTH DATA ELEMENTS
- fixed length control field: 230606|| aca||aabn | a|a d
040 ## - CATALOGING SOURCE
- Original cataloging agency: JO-AjAnu
- Transcribing agency: JO-AjAnu
100 ## - HEADING--PERSONAL NAME
- Personal name: Edited by SELLERS, SUSAN
670 ## - SOURCE DATA FOUND
- Source citation: Work cat.: (JO-AjAnu)1325: Edited by SELLERS, SUSAN, author, THE CAMBRIDGE COMPANION TO VIRGINIA WOOLF